pays des caraibe - Statistiques

Statistiques générales
  • Ce quiz a été pris 53 fois
    18 depuis la dernière actualisation
  • Le résultat moyen est 12 sur 16
Statistiques - réponses
Par images Réponse % Correct
grenade
100%
st luci
100%
Bahamas
92%
barbade
92%
Cuba
92%
Haïti
92%
jamaique
83%
Saint-Vincent-et-les-Grenadines
83%
antigua
67%
dominique
67%
Guatemala
67%
Panama
67%
trinite
67%
Belize
58%
Honduras
58%
Costa Rica
50%
Aucun quiz correspondant
Distribution des résultats
% des personnes avec chaque résultat
Percentile par nombre de réponses
Votre historique - résultats
Vous n’avez pas pris ce quiz depuis la dernière actualisation